ENGINEERING CHEMISTRY WITH LABORATORY EXPERIENCE (Record no. 216410)

MARC details
000 -LEADER
fixed length control field 00521nam a22001697a 4500
008 - FIXED-LENGTH DATA ELEMENTS--GENERAL INFORMATION
fixed length control field 260106b |||||||| |||| 00| 0 eng d
020 ## - INTERNATIONAL STANDARD BOOK NUMBER
International Standard Book Number 978-81-203-5158-5
050 ## - LIBRARY OF CONGRESS CALL NUMBER
Classification number QD 33.M64 2016
100 ## - MAIN ENTRY--PERSONAL NAME
Personal name MOHAPATRA RANJAN KUMAR
245 ## - TITLE STATEMENT
Title ENGINEERING CHEMISTRY WITH LABORATORY EXPERIENCE
260 ## - PUBLICATION, DISTRIBUTION, ETC.
Place of publication, distribution, etc. INDIA
Name of publisher, distributor, etc. PHI LEARNING PRIVATE LIMITED
Date of publication, distribution, etc. 2016
300 ## - PHYSICAL DESCRIPTION
Extent X,370
500 ## - GENERAL NOTE
General note INCLUDES AN INDEX
650 ## - SUBJECT ADDED ENTRY
Topical term or geographic name entry element Egineering chemistry-Chemical rinetics -laboratory manual
942 ## - ADDED ENTRY ELEMENTS (KOHA)
Source of classification or shelving scheme Library of Congress Classification
Koha item type Long Loan Book
Holdings
Withdrawn status Lost status Source of classification or shelving scheme Damaged status Not for loan Collection Home library Current library Shelving location Date acquired Inventory number Total checkouts Full call number Barcode Date last seen Date last checked out Copy number Price effective from Koha item type
    Library of Congress Classification     Science & Technology Kisii University Library Kisii University Library On Display 01/06/2026 110759 1 QD 33.M64 2016 000000002840 04/21/2026 04/08/2026 C.1 01/06/2026 Long Loan Book
    Library of Congress Classification     Science & Technology Kisii University Library Kisii University Library On Display 01/06/2026 110760 1 QD 33.M64 2016 000000016811 03/25/2026 02/25/2026 C.2 01/06/2026 Long Loan Book
    Library of Congress Classification     Science & Technology Kisii University Library Kisii University Library On Display 01/06/2026 110761   QD 33.M64 2016 000000016810 01/06/2026   C.3 01/06/2026 Long Loan Book
    Library of Congress Classification     Science & Technology Kisii University Library Kisii University Library On Display 01/06/2026 110762 3 QD 33.M64 2016 000000002839 04/30/2026 04/16/2026 C.4 01/06/2026 Long Loan Book